Spravodlivosť zdanenia s dopadom na nízkopríjmové daňové subjekty v SR diplomová práca

Gespeichert in:
Bibliographische Detailangaben
1. Verfasser: Gaštanová, Sofia
Körperschaft: Národohospodárska fakulta EU. Katedra financií
Weitere Verfasser: Zubaľová, Alena, 1959-
Format: Buch
Sprache:Slowakisch
Veröffentlicht: Bratislava 2021
Tags: Tag hinzufügen
Keine Tags, Fügen Sie das erste Tag hinzu!

MARC

LEADER 00000nbm a2200000 4500
001 0274292
005 20220104090644.6
041 0 |a slo 
044 |a SK 
245 1 0 |a Spravodlivosť zdanenia s dopadom na nízkopríjmové daňové subjekty v SR  |b diplomová práca  |c Sofia Gaštanová ; školiteľ: Alena Zubaľová 
264 1 |a Bratislava  |c 2021 
300 |a 77 s. 
100 1 |a Gaštanová, Sofia 
700 1 |a Zubaľová, Alena, 1959- 
710 2 |a Národohospodárska fakulta EU. Katedra financií